Générique de Kirikou et la Sorcière - Statistiques

Statistiques générales
  • Ce quiz a été pris 73 fois
  • Le résultat moyen est 43 sur 63
Statistiques - réponses
Paroles % Correct
Kirikou est {petit}
90%
Kirikou n'est pas {grand}
90%
Kirikou n'est pas {grand}
88%
Mais c'est mon {ami}
87%
Mais il est {vaillant}
87%
Kirikou est {petit}
85%
Mais il est {vaillant}
85%
Mais c'est mon {ami}
84%
Kirikou n'est pas {grand}
82%
Kirikou n'est pas {grand}
82%
Kirikou demande pourquoi Karaba est si {méchante}
81%
Kirikou est {petit}
81%
Kirikou est {petit}
81%
Kirikou est {petit}
79%
Kirikou n'est pas {grand}
79%
Mais c'est mon {ami}
79%
Mais c'est mon {ami}
79%
Mais c'est mon {ami}
79%
Mais c'est mon {ami}
79%
Mais il est {vaillant}
79%
Mais il est {vaillant}
79%
Mais il est {vaillant}
78%
Kirikou mon {ami} nous a redonné la vie
76%
Mais il est {vaillant}
76%
Kirikou n'est pas {grand}
75%
Kirikou est {petit}
73%
Mais il est {vaillant}
73%
Mais c'est mon {ami}
72%
Kirikou est {petit}
70%
Kirikou n'est pas {grand}
70%
Kirikou n'est pas {grand}
70%
Kirikou est {petit}
69%
Kirikou mon {ami} nous a redonné la vie
69%
Les {fétiches} surveillent le village
69%
Mais c'est mon {ami}
69%
Mais il est {vaillant}
69%
Mais il est {vaillant}
69%
Kirikou n'est pas {grand}
63%
Mais c'est mon {ami}
63%
Kirikou est {petit}
61%
Kirikou est {petit}
61%
Kirikou n'est pas {grand}
61%
Mais il est {vaillant}
61%
Kirikou est {petit}
60%
Kirikou est {petit}
60%
Kirikou est {petit}
60%
Kirikou n'est pas {grand}
60%
Kirikou n'est pas {grand}
60%
Kirikou n'est pas {grand}
60%
Mais c'est mon {ami}
60%
Mais c'est mon {ami}
60%
Mais c'est mon {ami}
60%
Mais il est {vaillant}
60%
Mais c'est mon {ami}
58%
Mais c'est mon {ami}
58%
Mais il est {vaillant}
58%
Mais il est {vaillant}
58%
Mais il est {vaillant}
58%
Du haut de la {case} de Karaba
57%
Dans le village, l'{eau} et les hommes avaient disparu
51%
Sur la route des {flamboyants}
37%
Kirikou seul savait où trouver notre {grand}-{père}
34%
Les femmes pleuraient et {tremblaient} devant la sorcière
24%
Aucun quiz correspondant
Distribution des résultats
% des personnes avec chaque résultat
Percentile par nombre de réponses
Votre historique - résultats
Vous n’avez pas pris ce quiz